Online Catalogue and eLibrary

Land, human rights & the eastern predicament. (Record no. 574)

MARC details
000 -LEADER
fixed length control field 00602nam a2200193 a 4500
001 - CONTROL NUMBER
control field 2538369
005 - DATE AND TIME OF LATEST TRANSACTION
control field 20240315062253.0
008 - FIXED-LENGTH DATA ELEMENTS--GENERAL INFORMATION
fixed length control field 940303s1993 ce 000 0 eng
040 ## - CATALOGING SOURCE (பட்டியலாக்க மூலம்)
Original cataloging agency DLC
Transcribing agency DLC
082 ## - DDC Classification
DDC Edition Number 22
Class No. 323.4.
Item Number - Author Mark LAN.
245 00 - TITLE STATEMENT
Title Land, human rights & the eastern predicament.
Statement of responsibility, etc. University of Jaffna .
260 ## - PUBLICATION, DISTRIBUTION, ETC.
Place of publication, distribution, etc. Jaffna, Sri Lanka :
Name of publisher, distributor, etc. UTHR (Jaffna), University of Jaffna, Thirunelvely,
Date of publication, distribution, etc. 1993.
300 ## - PHYSICAL DESCRIPTION
Extent (e.g. Volumes, Pages etc.) iii, 106 p. ;
490 1# - SERIES STATEMENT
Series statement Report / University Teachers for Human Rights (Jaffna) ;
650 #0 - SUBJECT ADDED ENTRY--TOPICAL TERM
Topical term or geographic name entry element Land reform
650 #0 - SUBJECT ADDED ENTRY--TOPICAL TERM
Topical term or geographic name entry element Land use, Rural
650 #0 - SUBJECT ADDED ENTRY--TOPICAL TERM
Topical term or geographic name entry element Human rights
942 ## - Koha item type (Biblio)
Koha item type Books in Stacks (Lending)
Holdings
Lost status Damaged status Collection code Home library Current library Date acquired Full call number Accession Number Item type
    Lending WERC Library WERC Library 03/15/2024 323.4. LAN. 3443 Books in Stacks (Lending)

© WERC Library